| 000 | 00850nam a2200265Ia 4500 | ||
|---|---|---|---|
| 005 | 20250117103557.0 | ||
| 008 | 008 250103s9999 xx 000 0 eng d | ||
| 020 | _a9780367219994 | ||
| 037 | _aTextual | ||
| 040 |
_aCSL _beng _cCSL |
||
| 041 |
_aeng _2eng |
||
| 084 |
_aB33,2 R3 _qCSL |
||
| 100 |
_aLi, Yinan _9731774 |
||
| 245 | 0 |
_aFormal methods for control of nonlinear systems _cLi, Yinan; Liu, Jun |
|
| 260 |
_aBoca raton _bCRC Press/T&F New york _c2023 |
||
| 300 | _axviii,253p. ill. | ||
| 650 |
_a Basic set theory _9734001 |
||
| 650 |
_a Continuous time dynamical systems _9734002 |
||
| 650 |
_a Formal specification and discrete synthesis _9734003 |
||
| 650 |
_a Interval computation _9734004 |
||
| 650 | _aMathematics | ||
| 700 |
_a Liu, Jun _9670562 |
||
| 942 |
_cTEXL _hB33,2 R3 |
||
| 999 |
_c1237788 _d1237788 |
||